[Event "Lazy Baltic Pearl op-A 17th"]
[Site "Lazy"]
[Date "2021.06.28"]
[Round "2"]
[White "Krasniewski, Szymon"]
[Black "Kapral, Krzysztof"]
[Result "1/2-1/2"]
[WhiteElo "1615"]
[BlackElo "1923"]
[PlyCount "113"]
[EventDate "2021.06.27"]
[EventType "swiss"]
[EventRounds "9"]
[EventCountry "POL"]
[SourceTitle "EXT 2022"]
[Source "ChessBase"]
[SourceDate "2021.10.06"]
[SourceVersion "1"]
[SourceVersionDate "2021.10.06"]
[SourceQuality "1"]

1. d4 d5 2. c4 c6 3. cxd5 cxd5 4. Nc3 Nf6 5. Bg5 Ne4 6. Nxe4 dxe4 7. Qd2 h6 8. Bf4 Qd5 9. e3 Nc6 10. Ne2 e5 11. Nc3 Qa5 12. Bxe5 Nxe5 13. dxe5 Bd7 14. e6 fxe6 15. Be2 Bc6 16. 0-0 Bb4 17. a3 Bxc3 18. Qxc3 Qxc3 19. bxc3 Rd8 20. Rfd1 Ke7 21. Kf1 Ba4 22. Rdb1 Bc6 23. Ke1 Rd5 24. Rb4 Rc5 25. Rc4 Rf5 26. Bg4 Rf6 27. Rd4 h5 28. Bd1 h4 29. Rb1 e5 30. Rd2 Rd8 31. Rxd8 Kxd8 32. Bc2 Kc7 33. Rd1 Rd6 34. Rxd6 Kxd6 35. Kd2 Kc5 36. Kc1 b6 37. Kb2 Kd5 38. Kc1 Bb5 39. Bb3+ Bc4 40. Bc2 g5 41. Kd2 Bf1 42. g3 Bc4 43. Bd1 Kc5 44. Bc2 Bd5 45. Kc1 Kd6 46. Kd2 Bc6 47. Bb3 Kc5 48. Kc1 Bb5 49. Kd2 Bf1 50. Kc1 Kd6 51. Kd2 Bg2 52. Bc2 Ke6 53. Ba4 Bf3 54. Ke1 a6 55. Bb3+ Kd6 56. Kd2 Kc5 57. Kc1 1/2-1/2

[Event "Ustron op-B"]
[Site "Ustron"]
[Date "2020.08.15"]
[Round "6"]
[White "Kapral, Krzysztof"]
[Black "Paprocki, Antoni"]
[Result "0-1"]
[WhiteElo "1879"]
[BlackElo "2068"]
[PlyCount "76"]
[EventDate "2020.08.15"]
[EventType "swiss"]
[EventRounds "9"]
[EventCountry "POL"]
[SourceTitle "EXT 2021"]
[Source "ChessBase"]
[SourceDate "2020.10.23"]
[SourceVersion "1"]
[SourceVersionDate "2020.10.23"]
[SourceQuality "1"]

1. d4 Nf6 2. Nf3 e6 3. g3 b5 4. Bg2 Bb7 5. 0-0 c5 6. c3 Be7 7. a4 a6 8. axb5 axb5 9. Rxa8 Bxa8 10. Qb3 Bc6 11. dxc5 Bxc5 12. Na3 Qb6 13. Nd4 0-0 14. Bf4 Re8 15. Nxc6 dxc6 16. h3 e5 17. Bg5 Nh5 18. c4 h6 19. Bc1 e4 20. e3 b4 21. Nb1 f5 22. Qc2 Nd7 23. Qe2 Nhf6 24. Nd2 Ne5 25. Nb3 Rd8 26. Nxc5 Qxc5 27. b3 Rd3 28. Qa2 Qd6 29. Bb2 Nfd7 30. Bxe5 Nxe5 31. Rb1 Kh7 32. Bf1 Rd2 33. Qa1 h5 34. Bg2 h4 35. g4 Nf3+ 36. Bxf3 exf3 37. Qa5 c5 38. Qa8 Rxf2 0-1

[Event "Lazy op 13th"]
[Site "Lazy"]
[Date "2017.06.25"]
[Round "1"]
[White "Pietras, Maksymilian"]
[Black "Kapral, Krzysztof"]
[Result "1/2-1/2"]
[WhiteElo "1615"]
[BlackElo "1939"]
[PlyCount "69"]
[EventDate "2017.06.25"]
[EventType "swiss"]
[EventRounds "9"]
[EventCountry "POL"]
[SourceTitle "EXT 2018"]
[Source "ChessBase"]
[SourceDate "2017.10.13"]
[SourceVersion "1"]
[SourceVersionDate "2017.10.13"]
[SourceQuality "1"]

1. d4 d5 2. Nf3 Nf6 3. c4 e6 4. Nc3 c5 5. cxd5 exd5 6. g3 Nc6 7. Bg2 Be7 8. 0-0 0-0 9. Bg5 h6 10. Be3 cxd4 11. Nxd4 Re8 12. h3 Bd6 13. Qd2 Qe7 14. Nxc6 bxc6 15. Bd4 Bf5 16. Rac1 Rac8 17. Bxf6 Qxf6 18. e3 h5 19. Ne2 Bd7 20. Qd4 Qd8 21. h4 Rb8 22. Qd2 g6 23. Nd4 Qb6 24. b3 Bb4 25. Qd1 Bf8 26. Nf3 Bg7 27. Qc2 Rbc8 28. Rfd1 Bg4 29. Rd2 Bf5 30. Qc5 Rb8 31. Nd4 Bd7 32. Kh2 Bf6 33. Bh3 Bxd4 34. Rxd4 Bxh3 35. Kxh3 1/2-1/2

[Event "NATO-ch 22nd"]
[Site "Kaunas"]
[Date "2011.08.11"]
[Round "5"]
[White "Mestek, Igor"]
[Black "Kapral, Krzysztof"]
[Result "1/2-1/2"]
[WhiteElo "2195"]
[BlackElo "2157"]
[PlyCount "33"]
[EventDate "2011.08.08"]
[EventType "swiss"]
[EventRounds "7"]
[EventCountry "LTU"]
[SourceTitle "CBM 143 Extra"]
[Source "ChessBase"]
[SourceDate "2011.08.29"]
[SourceVersion "1"]
[SourceVersionDate "2011.08.29"]
[SourceQuality "1"]

1. e4 e6 2. Nc3 d5 3. g3 dxe4 4. Nxe4 Bd7 5. Nf3 Bc6 6. Qe2 Nf6 7. Nxf6+ Qxf6 8. Bg2 Nd7 9. d4 Bd6 10. 0-0 0-0 11. Rd1 Rad8 12. c4 Rfe8 13. Be3 Be4 14. Rac1 c6 15. Ng5 Bxg2 16. Kxg2 Qg6 17. Qc2 1/2-1/2

[Event "NATO-ch 22nd"]
[Site "Kaunas"]
[Date "2011.08.10"]
[Round "4"]
[White "Kapral, Krzysztof"]
[Black "Erturan, Yakup"]
[Result "0-1"]
[WhiteElo "2157"]
[BlackElo "2342"]
[PlyCount "114"]
[EventDate "2011.08.08"]
[EventType "swiss"]
[EventRounds "7"]
[EventCountry "LTU"]
[SourceTitle "CBM 143 Extra"]
[Source "ChessBase"]
[SourceDate "2011.08.29"]
[SourceVersion "1"]
[SourceVersionDate "2011.08.29"]
[SourceQuality "1"]

1. Nf3 c5 2. c4 Nc6 3. Nc3 g6 4. g3 Bg7 5. Bg2 e5 6. d3 Nge7 7. 0-0 0-0 8. Bd2 h6 9. Qc1 Kh7 10. Nd5 d6 11. Rb1 Be6 12. Nxe7 Qxe7 13. a3 f5 14. Bc3 Rac8 15. b4 cxb4 16. axb4 b5 17. Nd2 bxc4 18. dxc4 Nd4 19. Bxd4 exd4 20. Qc2 Rc7 21. Qd3 Rfc8 22. Rfc1 Qf7 23. b5 Bxc4 24. Nxc4 d5 25. Qa3 dxc4 26. Bc6 c3 27. Qa4 Re7 28. Rc2 f4 29. Rd1 Rf8 30. Bf3 fxg3 31. hxg3 Qf5 32. Ra2 Qc5 33. Rd3 Qf5 34. Qc4 Qe5 35. Ra6 Rf5 36. b6 axb6 37. Rxb6 Rc7 38. Rc6 Rxc6 39. Qxc6 Qc5 40. Rd1 d3 41. exd3 Qxc6 42. Bxc6 Bd4 43. Ba4 Rxf2 44. Kh1 h5 45. Re1 Ra2 46. Bb3 Rb2 47. Ba4 c2 48. Bxc2 Rxc2 49. Re4 Bf6 50. Re6 Kg7 51. Re4 Rd2 52. Re3 Kh6 53. Rf3 Bb2 54. Kg1 Kg5 55. Kf1 Kg4 56. Rf2 Rxf2+ 57. Kxf2 Be5 0-1

[Event "NATO-ch 22nd"]
[Site "Kaunas"]
[Date "2011.08.09"]
[Round "3"]
[White "Helbig, Mark"]
[Black "Kapral, Krzysztof"]
[Result "0-1"]
[WhiteElo "2315"]
[BlackElo "2157"]
[PlyCount "66"]
[EventDate "2011.08.08"]
[EventType "swiss"]
[EventRounds "7"]
[EventCountry "LTU"]
[SourceTitle "CBM 143 Extra"]
[Source "ChessBase"]
[SourceDate "2011.08.29"]
[SourceVersion "1"]
[SourceVersionDate "2011.08.29"]
[SourceQuality "1"]

1. d4 d5 2. c4 c6 3. cxd5 cxd5 4. Nc3 Nf6 5. Nf3 Nc6 6. Bf4 Bf5 7. Rc1 e6 8. Qb3 Bb4 9. e3 0-0 10. Be2 Ne4 11. Ne5 Bxc3+ 12. bxc3 Na5 13. Qa3 f6 14. Nf3 g5 15. Bg3 Nc4 16. Bxc4 dxc4 17. Nd2 Nxd2 18. Kxd2 Rf7 19. f3 Bd3 20. Ke1 Rd7 21. e4 b5 22. h4 g4 23. fxg4 Bxe4 24. Kf2 a5 25. Qc5 b4 26. Rhe1 Rc8 27. Qh5 Bg6 28. Qh6 bxc3 29. Rxe6 Rxd4 30. Bf4 Rd2+ 31. Kg3 Qd5 32. Bxd2 cxd2 33. Re7 Qd6+ 0-1

[Event "POL-chT IV GrB"]
[Site "Konin"]
[Date "2011.03.13"]
[Round "6"]
[White "Sroczynski, Maciej"]
[Black "Kapral, Krzysztof"]
[Result "0-1"]
[WhiteElo "2283"]
[BlackElo "2124"]
[PlyCount "68"]
[EventDate "2011.01.23"]
[EventType "team-tourn"]
[EventRounds "9"]
[EventCountry "POL"]
[SourceTitle "EXT 2019"]
[Source "ChessBase"]
[SourceDate "2018.10.10"]
[SourceVersion "1"]
[SourceVersionDate "2018.10.10"]
[SourceQuality "1"]
[WhiteTeam "Kalisz KTS"]
[BlackTeam "Witkowo Jurand"]
[WhiteTeamCountry "POL"]
[BlackTeamCountry "POL"]

1. d4 d5 2. c4 c6 3. Nc3 Nf6 4. e3 e6 5. Nf3 Nbd7 6. Bd3 dxc4 7. Bxc4 b5 8. Bd3 Bb7 9. e4 b4 10. Na4 c5 11. e5 Nd5 12. dxc5 Qa5 13. 0-0 Bc6 14. Bc2 Nxc5 15. Nxc5 Bxc5 16. Re1 Qb6 17. Rf1 0-0-0 18. Bd3 h6 19. Qe2 g5 20. g3 Nc7 21. Be3 Bxf3 22. Qxf3 Bxe3 23. Be4 Bd4 24. Rac1 Bxe5 25. a3 f5 26. Bxf5 Kb8 27. Rc6 Qd4 28. Bxe6 Rhf8 29. Qg2 Qxb2 30. axb4 Bd4 31. Bg4 Rf6 32. Rxf6 Bxf6 33. Qc6 Qd4 34. Rd1 Qxg4 0-1

[Event "POL-chT3 Wielkopolska 1112"]
[Site "Poland"]
[Date "2011.??.??"]
[Round "2.19"]
[White "Kapral, Krzysztof"]
[Black "Szadkowski, Kamil"]
[Result "0-1"]
[WhiteElo "2172"]
[BlackElo "2243"]
[PlyCount "56"]
[EventDate "2011.11.27"]
[EventType "team-tourn"]
[EventRounds "11"]
[EventCountry "POL"]
[SourceTitle "EXT 2014"]
[Source "ChessBase"]
[SourceDate "2013.11.20"]
[SourceVersion "1"]
[SourceVersionDate "2013.11.20"]
[SourceQuality "1"]
[WhiteTeam "Witkowo Jurand"]
[BlackTeam "Smecz Konin"]
[WhiteTeamCountry "POL"]
[BlackTeamCountry "POL"]

1. Nf3 c5 2. c4 Nc6 3. e3 e5 4. Nc3 Nf6 5. d4 cxd4 6. exd4 exd4 7. Nxd4 Bc5 8. Nb3 Bb4 9. Be2 0-0 10. 0-0 Bxc3 11. bxc3 d5 12. Bf4 Ne4 13. Qc1 dxc4 14. Bxc4 Qf6 15. Re1 Bf5 16. Bd5 Rfe8 17. Bxc6 Qxc6 18. Nd4 Qc5 19. Rb1 Nxc3 20. Nxf5 Nxb1 21. Nd6 Rxe1+ 22. Qxe1 Nc3 23. h3 Nb5 24. Nxb7 Qd5 25. Qe7 Nd4 26. Kh2 Nf5 27. Qc7 Nh4 28. Bg3 Qxg2# 0-1

[Event "POL-ch Army"]
[Site "Kolobrzeg"]
[Date "2008.03.11"]
[Round "2"]
[White "Jarmolowski, Tadeusz"]
[Black "Kapral, Krzysztof"]
[Result "1-0"]
[WhiteElo "1756"]
[BlackElo "2166"]
[PlyCount "53"]
[EventDate "2008.03.11"]
[EventType "swiss"]
[EventRounds "9"]
[EventCountry "POL"]
[SourceTitle "EXT 2010"]
[Source "ChessBase"]
[SourceDate "2010.11.25"]
[SourceVersion "1"]
[SourceVersionDate "2010.11.25"]
[SourceQuality "1"]

1. e4 c5 2. c3 g6 3. d4 cxd4 4. cxd4 Bg7 5. Nf3 d6 6. Bc4 Nf6 7. Nc3 0-0 8. Bb3 b5 9. 0-0 b4 10. Nd5 Bb7 11. Nxf6+ Bxf6 12. Bh6 Re8 13. e5 dxe5 14. dxe5 Bg7 15. Bxg7 Kxg7 16. Qe2 Qa5 17. Rfd1 Na6 18. Ng5 Rf8 19. Rd7 Nc5 20. Rxe7 Nxb3 21. Rxb7 Nxa1 22. Qc4 Qxe5 23. Rxf7+ Rxf7 24. Qxf7+ Kh6 25. h4 Qg7 26. Qf4 Qxb2 27. Ne6+ 1-0

[Event "NATO-ch 18th"]
[Site "Ankara"]
[Date "2007.09.07"]
[Round "7"]
[White "Kapral, Krzysztof"]
[Black "Berrak, Sedat"]
[Result "1-0"]
[WhiteElo "2162"]
[BlackElo "2083"]
[PlyCount "80"]
[EventDate "2007.09.01"]
[EventType "swiss"]
[EventRounds "7"]
[EventCountry "TUR"]
[SourceTitle "EXT 2008"]
[Source "ChessBase"]
[SourceDate "2007.11.25"]
[SourceVersion "1"]
[SourceVersionDate "2007.11.25"]
[SourceQuality "1"]
[WhiteTeam "Poland"]
[BlackTeam "Turkey"]
[WhiteTeamCountry "POL"]
[BlackTeamCountry "TUR"]

1. d4 Nf6 2. Nf3 b6 3. g3 Bb7 4. Bg2 e6 5. 0-0 Be7 6. c4 0-0 7. Nc3 d6 8. Qc2 Nbd7 9. e4 e5 10. d5 Ne8 11. Ne1 Bf6 12. Nd3 g6 13. Be3 Bg7 14. b4 Ndf6 15. f3 Nh5 16. g4 Nhf6 17. c5 Ba6 18. b5 Bc8 19. cxd6 cxd6 20. Nb4 Nd7 21. Nc6 Qc7 22. Rfc1 Nc5 23. Na4 Bb7 24. Nxc5 dxc5 25. a4 Nd6 26. Qb2 Kh8 27. a5 Bxc6 28. bxc6 f6 29. axb6 axb6 30. Bf1 Rfb8 31. Rxa8 Rxa8 32. Rb1 Nc8 33. Ra1 Rxa1 34. Qxa1 Qb8 35. g5 fxg5 36. Bxg5 h6 37. Bd8 Qd6 38. c7 Qd7 39. Qa6 c4 40. Qxc4 Kh7 1-0

[Event "Poznan op 15th"]
[Site "Poznan"]
[Date "2006.07.26"]
[Round "5"]
[White "Kapral, Krzysztof"]
[Black "Fistek, Dariusz"]
[Result "1/2-1/2"]
[WhiteElo "2167"]
[BlackElo "2096"]
[PlyCount "83"]
[EventDate "2006.07.22"]
[EventType "swiss"]
[EventRounds "9"]
[EventCountry "POL"]
[SourceTitle "EXT 2008"]
[Source "ChessBase"]
[SourceDate "2007.11.25"]
[SourceVersion "1"]
[SourceVersionDate "2007.11.25"]
[SourceQuality "1"]

1. d4 Nf6 2. Nf3 g6 3. g3 Bg7 4. Bg2 d6 5. 0-0 0-0 6. c4 Nc6 7. Nc3 e5 8. h3 Re8 9. d5 Ne7 10. e4 Nd7 11. b4 a5 12. Ba3 axb4 13. Bxb4 h6 14. Ne1 f5 15. Nd3 b6 16. a4 Nc5 17. Bxc5 bxc5 18. f3 g5 19. g4 fxg4 20. fxg4 Ng6 21. Ne2 Nf4 22. Ng3 Bd7 23. a5 Ra6 24. Rf2 Qa8 25. Rfa2 Rb8 26. Bf1 Rb7 27. Qd2 Qb8 28. Nf2 Rb3 29. Ra3 Qb4 30. Qxb4 Rxb4 31. Nd1 Bf6 32. Nc3 Rb8 33. Nb5 Bd8 34. Kf2 Kf7 35. Ke3 Rba8 36. R1a2 Kg7 37. Ra1 Kf7 38. Nf5 Bxf5 39. exf5 Ke8 40. Ke4 Kd7 41. R1a2 Bf6 42. Ra1 1/2-1/2

[Event "Poznan op 15th"]
[Site "Poznan"]
[Date "2006.07.24"]
[Round "3"]
[White "Kapral, Krzysztof"]
[Black "Przybylski, Wojciech"]
[Result "1-0"]
[WhiteElo "2167"]
[BlackElo "2286"]
[PlyCount "75"]
[EventDate "2006.07.22"]
[EventType "swiss"]
[EventRounds "9"]
[EventCountry "POL"]
[SourceTitle "EXT 2008"]
[Source "ChessBase"]
[SourceDate "2007.11.25"]
[SourceVersion "1"]
[SourceVersionDate "2007.11.25"]
[SourceQuality "1"]

1. d4 Nf6 2. Nf3 d5 3. c4 dxc4 4. g3 Bf5 5. Qa4+ c6 6. Qxc4 e6 7. Bg2 Be7 8. 0-0 0-0 9. Nc3 Na6 10. Ne5 Nb4 11. e4 Bg6 12. Nxg6 hxg6 13. Bg5 b5 14. Qe2 Qxd4 15. a3 Na6 16. a4 e5 17. axb5 Nb4 18. Rfd1 Qb6 19. Be3 Qb7 20. bxc6 Nxc6 21. Nd5 Rfe8 22. Qc4 Ng4 23. Nxe7+ Nxe7 24. Bc5 g5 25. b4 Nf6 26. Ra6 Nd7 27. Bh3 Nxc5 28. bxc5 Red8 29. Rad6 Nc6 30. Rd7 Rxd7 31. Rxd7 Qb1+ 32. Kg2 Rf8 33. Bg4 Nd4 34. Qd5 Nc2 35. c6 Ne1+ 36. Kh3 g6 37. c7 Qc2 38. Rxf7 1-0

[Event "NATO-ch 16th"]
[Site "Kolobrzeg"]
[Date "2005.08.25"]
[Round "5"]
[White "Cooper, Lawrence"]
[Black "Kapral, Krzysztof"]
[Result "1-0"]
[WhiteElo "2303"]
[BlackElo "2158"]
[PlyCount "63"]
[EventDate "2005.08.21"]
[EventType "swiss"]
[EventRounds "7"]
[EventCountry "POL"]
[SourceTitle "CBM 108 Extra"]
[Source "ChessBase"]
[SourceDate "2005.11.04"]
[SourceVersion "1"]
[SourceVersionDate "2005.11.04"]
[SourceQuality "1"]

1. e4 e6 2. d4 d5 3. Nd2 dxe4 4. Nxe4 Bd7 5. Nf3 Bc6 6. Bd3 Nd7 7. 0-0 Ngf6 8. Ned2 Be7 9. b3 0-0 10. Bb2 Bxf3 11. Qxf3 c5 12. Qxb7 cxd4 13. Bxd4 e5 14. Bxa7 Bc5 15. Bxc5 Nxc5 16. Qf3 Qd4 17. Rfe1 Rfe8 18. Ne4 Nfxe4 19. Bxe4 Ra3 20. Rad1 Qb2 21. Bd5 Rf8 22. Bxf7+ Kh8 23. Bg6 Ne6 24. Qh5 h6 25. Qxe5 Qxe5 26. Rxe5 Nf4 27. Be4 Ne2+ 28. Kf1 Nc3 29. Ra1 Rd8 30. Bd3 Nxa2 31. b4 Raa8 32. Ra5 1-0

[Event "POL-chT 2nd div South"]
[Site "Polanica Zdroj"]
[Date "1999.??.??"]
[Round "3"]
[White "Kapral, Krzysztof"]
[Black "Szydelko, Kazimierz"]
[Result "1-0"]
[WhiteElo "2160"]
[BlackElo "2084"]
[PlyCount "40"]
[EventDate "1999.09.17"]
[EventType "team-swiss"]
[EventRounds "10"]
[EventCountry "POL"]
[SourceTitle "EXT 2001"]
[Source "ChessBase"]
[SourceDate "2000.11.22"]
[SourceVersion "1"]
[SourceVersionDate "2000.11.22"]
[SourceQuality "1"]
[WhiteTeam "POL-chT 2nd div South 12"]
[BlackTeam "POL-chT 2nd div South 04"]
[WhiteTeamCountry "POL"]
[BlackTeamCountry "POL"]

1. d4 Nf6 2. Nf3 g6 3. c4 Bg7 4. Nc3 0-0 5. e4 d6 6. Be2 Nc6 7. 0-0 e5 8. d5 Ne7 9. b4 a5 10. Ba3 axb4 11. Bxb4 Nd7 12. a4 f5 13. a5 Nc5 14. Nd2 Na6 15. Ba3 c5 16. dxc6 bxc6 17. Nb3 Rf6 18. Qd2 Bb7 19. Rad1 Nc8 20. c5 Bf8 1-0

[Event "POL-chT 2nd div South"]
[Site "Polanica Zdroj"]
[Date "1999.??.??"]
[Round "7"]
[White "Zowada, Kazimierz"]
[Black "Kapral, Krzysztof"]
[Result "1-0"]
[WhiteElo "2233"]
[BlackElo "2160"]
[PlyCount "137"]
[EventDate "1999.09.17"]
[EventType "team-swiss"]
[EventRounds "10"]
[EventCountry "POL"]
[SourceTitle "EXT 2001"]
[Source "ChessBase"]
[SourceDate "2000.11.22"]
[SourceVersion "1"]
[SourceVersionDate "2000.11.22"]
[SourceQuality "1"]
[WhiteTeam "POL-chT 2nd div South 21"]
[BlackTeam "POL-chT 2nd div South 12"]
[WhiteTeamCountry "POL"]
[BlackTeamCountry "POL"]

1. Nf3 Nf6 2. d4 d5 3. c4 c6 4. e3 e6 5. Nc3 Nbd7 6. Qc2 Bd6 7. Be2 0-0 8. 0-0 e5 9. cxd5 cxd5 10. dxe5 Nxe5 11. Rd1 Bg4 12. Nxe5 Bxe5 13. Nxd5 Rc8 14. Qd3 Bxe2 15. Nxf6+ Qxf6 16. Qxe2 Rfd8 17. Rxd8+ Rxd8 18. Bd2 Bxb2 19. Rb1 b6 20. Bb4 Bc3 21. Qc4 Bxb4 22. Qxb4 Qd6 23. Qa4 Qd3 24. Rf1 a5 25. h3 g6 26. Rc1 Kg7 27. Qc6 Qd2 28. a4 Rd6 29. Qc4 Rf6 30. Rf1 Qb2 31. g3 Rd6 32. Kg2 Rd2 33. h4 Qe5 34. Kg1 Rb2 35. Rd1 Qf6 36. Rf1 Rb4 37. Qc2 Rb2 38. Qc4 h5 39. Qe4 Rb4 40. Qc2 b5 41. axb5 Rxb5 42. Qa4 Qe5 43. Ra1 Rb4 44. Qa3 a4 45. Rd1 Qb2 46. Qxb2+ Rxb2 47. Ra1 Rb4 48. Kg2 Kf6 49. Kf3 Ke5 50. Ke2 Kd5 51. Kd3 Kc5 52. Rc1+ Kd6 53. Rc2 Rb3+ 54. Kc4 Rb7 55. Ra2 Ra7 56. Ra3 Ke5 57. Kd3 Kd5 58. f3 Kc5 59. Kc3 Kb5 60. Kb2 Kb4 61. Rd3 a3+ 62. Ka2 Kc4 63. Rd6 Re7 64. e4 Ra7 65. e5 Kc5 66. f4 Kc4 67. e6 fxe6 68. Rxe6 Kd5 69. Rb6 1-0